[Event "SRB-chT 2nd League East"]
[Site "Knic"]
[Date "2019.09.07"]
[Round "2.2"]
[White "Lazov, Toni"]
[Black "Stankovic, Nemanja"]
[Result "1/2-1/2"]
[WhiteElo "2386"]
[BlackElo "2142"]
[PlyCount "120"]
[EventDate "2019.09.06"]
[EventType "team-tourn"]
[EventRounds "11"]
[EventCountry "SRB"]
[SourceTitle "EXT 2020"]
[Source "ChessBase"]
[SourceDate "2019.10.17"]
[SourceVersion "1"]
[SourceVersionDate "2019.10.17"]
[SourceQuality "1"]
[WhiteTeam "Surdulica Radnik"]
[BlackTeam "Aleksinac"]
[WhiteTeamCountry "SRB"]
[BlackTeamCountry "SRB"]

1. e4 e6 2. d4 d5 3. Nd2 Nf6 4. e5 Nfd7 5. c3 c5 6. Ndf3 Nc6 7. Ne2 cxd4 8. cxd4 f6 9. exf6 Nxf6 10. Nc3 Bd6 11. Bd3 0-0 12. 0-0 a6 13. Bg5 Qc7 14. Bh4 Bd7 15. Bg3 Rae8 16. Rc1 Bxg3 17. hxg3 Qd6 18. Bc2 e5 19. dxe5 Nxe5 20. Bb3 Nxf3+ 21. gxf3 Be6 22. Qd4 Rc8 23. Rfe1 Bf7 24. Rcd1 Qc5 25. Kg2 b5 26. Nxd5 Nxd5 27. Bxd5 Bxd5 28. Qxd5+ Qxd5 29. Rxd5 Rfd8 30. Rxd8+ Rxd8 31. Re2 Kf7 32. f4 Kf6 33. Kf3 h5 34. Rc2 Rd6 35. b3 g6 36. Ke4 Ke6 37. f3 Kf6 38. Rc8 Ke6 39. g4 hxg4 40. fxg4 Kf6 41. Rc2 a5 42. a3 Re6+ 43. Kd4 Rd6+ 44. Kc5 Rd3 45. a4 bxa4 46. bxa4 Rg3 47. g5+ Kf5 48. Rc4 Rb3 49. Kd6 Rb6+ 50. Ke7 Rb7+ 51. Kf8 Kg4 52. Rc5 Ra7 53. Rc6 Kxf4 54. Rxg6 Kf5 55. Rb6 Kxg5 56. Ke8 Kf5 57. Kd8 Ke5 58. Kc8 Kd5 59. Kb8 Rh7 60. Ra6 Kc5 1/2-1/2

[Event "SRB-chT3 East"]
[Site "Serbia"]
[Date "2017.10.12"]
[Round "6.3"]
[White "Tosic, Branislav"]
[Black "Stankovic, Nemanja"]
[Result "1/2-1/2"]
[WhiteElo "2208"]
[BlackElo "2147"]
[PlyCount "60"]
[EventDate "2017.09.03"]
[EventType "team-tourn"]
[EventRounds "11"]
[EventCountry "SRB"]
[SourceTitle "EXT 2022"]
[Source "ChessBase"]
[SourceDate "2021.10.06"]
[SourceVersion "1"]
[SourceVersionDate "2021.10.06"]
[SourceQuality "1"]

1. e4 e6 2. d4 d5 3. Nd2 Nf6 4. e5 Nfd7 5. Bd3 c5 6. c3 Nc6 7. Ne2 cxd4 8. cxd4 f6 9. exf6 Nxf6 10. Nf3 Bd6 11. 0-0 Qc7 12. Bg5 0-0 13. Rc1 Bd7 14. a3 a6 15. Qd2 Rae8 16. Bf4 Bxf4 17. Qxf4 Qxf4 18. Nxf4 Ng4 19. g3 e5 20. Nxe5 Ngxe5 21. dxe5 Rxe5 22. Rfe1 Rfe8 23. Rxe5 Rxe5 24. Rd1 Bg4 25. Rd2 Bf3 26. Be2 Bxe2 27. Nxe2 Kf7 28. Kf1 g5 29. Nd4 Nxd4 30. Rxd4 b5 1/2-1/2

[Event "SRB-chT3 East"]
[Site "Serbia"]
[Date "2010.09.26"]
[Round "3.3"]
[White "Stankovic, Nemanja"]
[Black "Modric, Nesa"]
[Result "1/2-1/2"]
[WhiteElo "2088"]
[BlackElo "2242"]
[PlyCount "81"]
[EventDate "2010.09.12"]
[EventType "team"]
[EventRounds "11"]
[EventCountry "SRB"]
[SourceTitle "EXT 2012"]
[Source "ChessBase"]
[SourceDate "2011.11.24"]
[SourceVersion "1"]
[SourceVersionDate "2011.11.24"]
[SourceQuality "1"]

1. d4 d5 2. c4 c6 3. Nc3 e6 4. cxd5 exd5 5. Qc2 Bd6 6. Nf3 h6 7. h3 Nf6 8. e3 0-0 9. Bd3 Nbd7 10. Bd2 Re8 11. 0-0-0 Qe7 12. Nh4 Nb6 13. Nf5 Bxf5 14. Bxf5 Nc4 15. g4 b5 16. Rdg1 Ne4 17. Bxe4 dxe4 18. h4 a5 19. g5 h5 20. g6 Nxd2 21. Qxd2 b4 22. Na4 b3 23. axb3 Rab8 24. Qc3 f6 25. Qc4+ Qe6 26. Kc2 Rb4 27. Qxe6+ Rxe6 28. Nc3 Re8 29. Ra1 Bc7 30. Ra4 f5 31. Ne2 Re6 32. Rg1 Bd8 33. Nf4 Rd6 34. Nxh5 Rxa4 35. bxa4 Bxh4 36. Rg2 c5 37. dxc5 Rc6 38. Rh2 Be7 39. Kb3 Rxc5 40. Nf4 Bd6 41. Rh4 1/2-1/2

[Event "SRB-chT2 East"]
[Site "Serbia"]
[Date "2007.10.19"]
[Round "8.2"]
[White "Jovanovic, Dragan"]
[Black "Stankovic, Nemanja"]
[Result "0-1"]
[WhiteElo "2122"]
[BlackElo "2085"]
[PlyCount "68"]
[EventDate "2007.09.09"]
[EventType "team"]
[EventRounds "11"]
[EventCountry "SRB"]
[SourceTitle "EXT 2012"]
[Source "ChessBase"]
[SourceDate "2011.11.24"]
[SourceVersion "1"]
[SourceVersionDate "2011.11.24"]
[SourceQuality "1"]
[WhiteTeam "Jastrebac Blace"]
[BlackTeam "Paracin Borac"]
[WhiteTeamCountry "SRB"]
[BlackTeamCountry "SRB"]

1. d4 e6 2. c4 d5 3. Nc3 Nf6 4. Bf4 c6 5. e3 Nbd7 6. Bd3 Be7 7. Nf3 0-0 8. 0-0 a6 9. h3 dxc4 10. Bxc4 b5 11. Bd3 Bb7 12. Rc1 c5 13. dxc5 Nxc5 14. Bb1 Rc8 15. Qe2 b4 16. Nd1 a5 17. Qd2 Nfe4 18. Qxd8 Rfxd8 19. b3 Bf6 20. Be5 Nd2 21. Bxf6 gxf6 22. Nxd2 Rxd2 23. e4 a4 24. bxa4 Nxa4 25. Rxc8+ Bxc8 26. Ne3 Nc3 27. Nc4 Re2 28. a3 Ba6 29. Bd3 Bxc4 30. Bxc4 Rxe4 31. Bb3 bxa3 32. Ra1 a2 33. Kf1 Rb4 34. Bc2 Rb1+ 0-1

[Event "SRB-chT2 East"]
[Site "Serbia"]
[Date "2007.09.23"]
[Round "3.5"]
[White "Popovic, Djordje D"]
[Black "Stankovic, Nemanja"]
[Result "1-0"]
[WhiteElo "2262"]
[BlackElo "2085"]
[PlyCount "79"]
[EventDate "2007.09.09"]
[EventType "team"]
[EventRounds "11"]
[EventCountry "SRB"]
[SourceTitle "EXT 2012"]
[Source "ChessBase"]
[SourceDate "2011.11.24"]
[SourceVersion "1"]
[SourceVersionDate "2011.11.24"]
[SourceQuality "1"]
[WhiteTeam "Jagodina Kablovi"]
[BlackTeam "Paracin Borac"]
[WhiteTeamCountry "SRB"]
[BlackTeamCountry "SRB"]

1. e4 e6 2. d4 d5 3. e5 c5 4. Qg4 Qa5+ 5. Nc3 cxd4 6. Qxd4 Nc6 7. Bb5 Qxb5 8. Nxb5 Nxd4 9. Nxd4 Bd7 10. Be3 Ne7 11. f4 Rc8 12. Ngf3 a6 13. 0-0-0 Nc6 14. g4 h5 15. h3 Nxd4 16. Bxd4 Bb5 17. Kd2 g6 18. c3 Bg7 19. Rde1 hxg4 20. hxg4 Ke7 21. Bf2 Rxh1 22. Rxh1 Rh8 23. Rxh8 Bxh8 24. Bh4+ f6 25. Ke3 Kf7 26. exf6 Bxf6 27. Bxf6 Kxf6 28. g5+ Kf5 29. Nd4+ Kg4 30. Nxe6 Bc6 31. Nd4 Bd7 32. Nf3 Bf5 33. Ne5+ Kg3 34. Nf7 Bb1 35. a3 a5 36. Nd6 b6 37. Nc8 b5 38. Nd6 b4 39. axb4 axb4 40. cxb4 1-0

[Event "YUG-ch U20 53rd"]
[Site "Tivat"]
[Date "2001.??.??"]
[Round "3"]
[White "Djukic, Nikola"]
[Black "Stankovic, Nemanja"]
[Result "1-0"]
[WhiteElo "2385"]
[BlackElo "2135"]
[PlyCount "103"]
[EventDate "2001.??.??"]
[EventType "tourn"]
[EventRounds "13"]
[EventCountry "YUG"]
[SourceTitle "EXT 2003"]
[Source "ChessBase"]
[SourceDate "2002.11.25"]
[SourceVersion "1"]
[SourceVersionDate "2002.11.25"]
[SourceQuality "1"]

1. d4 d5 2. c4 e6 3. Nc3 f5 4. Bf4 c6 5. e3 Nf6 6. Bd3 Be7 7. Nge2 0-0 8. 0-0 b6 9. cxd5 exd5 10. Qc2 Ne4 11. f3 Nxc3 12. bxc3 Ba6 13. Bxa6 Nxa6 14. Qa4 Qc8 15. c4 Qb7 16. Nc3 Nb4 17. Qb3 Kh8 18. e4 fxe4 19. fxe4 dxe4 20. Nxe4 Qd7 21. Be5 Qg4 22. Nf2 Qg6 23. a3 Na6 24. Nh3 Bf6 25. Qa4 Nc5 26. Qd1 Bxe5 27. dxe5 Nd3 28. Qe2 Rfe8 29. Nf4 Nxf4 30. Rxf4 Qe6 31. Raf1 h6 32. Qh5 Kh7 33. Rf6 Qxe5 34. Rxh6+ gxh6 35. Rf7+ Qg7 36. Qf5+ Kh8 37. Rxg7 Kxg7 38. Qd7+ Kh8 39. Qxc6 Kg7 40. h4 Kh7 41. Qd7+ Kh8 42. Qd6 Kh7 43. Qd3+ Kg7 44. h5 Re6 45. Qd7+ Kf6 46. Qb7 Rg8 47. Qh7 Rge8 48. Qxh6+ Kf5 49. Qg7 Kf4 50. h6 R8e7 51. Qg8 Re8 52. h7 1-0

[Event "YUG-ch U20 53rd"]
[Site "Tivat"]
[Date "2001.??.??"]
[Round "5"]
[White "Prelevic, Dusko"]
[Black "Stankovic, Nemanja"]
[Result "1-0"]
[WhiteElo "2385"]
[BlackElo "2135"]
[PlyCount "61"]
[EventDate "2001.??.??"]
[EventType "tourn"]
[EventRounds "13"]
[EventCountry "YUG"]
[SourceTitle "EXT 2003"]
[Source "ChessBase"]
[SourceDate "2002.11.25"]
[SourceVersion "1"]
[SourceVersionDate "2002.11.25"]
[SourceQuality "1"]

1. d4 d5 2. c4 e6 3. Nc3 Nf6 4. Bg5 Nbd7 5. cxd5 exd5 6. e3 c6 7. Bd3 Be7 8. Nf3 0-0 9. Qc2 Re8 10. 0-0 h6 11. Bf4 Nf8 12. h3 Ne6 13. Bh2 Bd6 14. Ne5 Ng5 15. f3 Bxe5 16. dxe5 Nd7 17. f4 Ne6 18. Qf2 Ndc5 19. Bc2 d4 20. Rad1 dxe3 21. Qxe3 Qb6 22. Kh1 Nf8 23. Bg1 Ncd7 24. Qg3 Qc7 25. Ne4 b6 26. Nd6 Re6 27. f5 Rxd6 28. exd6 Qd8 29. Rfe1 Ba6 30. Re7 Bc4 31. Bd4 1-0

[Event "YUG-ch U20 53rd"]
[Site "Tivat"]
[Date "2001.??.??"]
[Round "11"]
[White "Stankovic, Nemanja"]
[Black "Boskovic, Drasko"]
[Result "0-1"]
[WhiteElo "2135"]
[BlackElo "2400"]
[PlyCount "98"]
[EventDate "2001.??.??"]
[EventType "tourn"]
[EventRounds "13"]
[EventCountry "YUG"]
[SourceTitle "EXT 2003"]
[Source "ChessBase"]
[SourceDate "2002.11.25"]
[SourceVersion "1"]
[SourceVersionDate "2002.11.25"]
[SourceQuality "1"]

1. d4 Nf6 2. c4 c5 3. d5 e6 4. Nc3 exd5 5. cxd5 d6 6. e4 g6 7. f3 Bg7 8. Bg5 0-0 9. Qd2 a6 10. a4 Re8 11. Nge2 Nbd7 12. Ng3 Qa5 13. Nd1 Qc7 14. Be2 Rb8 15. Nc3 c4 16. a5 Nc5 17. Ra2 Nb3 18. Qd1 Bd7 19. 0-0 Nxa5 20. Bf4 Nb3 21. Nb1 Qc5+ 22. Kh1 h5 23. Re1 h4 24. Nf1 h3 25. gxh3 Bxh3 26. Be3 Qc7 27. Ra4 Na5 28. Bd2 b6 29. Qc2 Bd7 30. Ra1 Nh5 31. Ra2 Qd8 32. Bxa5 bxa5 33. Bxc4 Qh4 34. Rd1 Qh3 35. Qg2 Qh4 36. b3 Bh3 37. Qf2 Qg5 38. Ng3 Nf4 39. Rg1 Qh6 40. Rxa5 Rec8 41. Ra4 Bd7 42. Ra2 Nh3 43. Qg2 Nxg1 44. Qxg1 Bb5 45. Nd2 Bxc4 46. bxc4 a5 47. Ngf1 Rb2 48. Rxb2 Bxb2 49. Qb6 Bc3 0-1

[Event "YUG-ch U20 53rd"]
[Site "Tivat"]
[Date "2001.??.??"]
[Round "2"]
[White "Stankovic, Nemanja"]
[Black "Predojevic, Borki"]
[Result "0-1"]
[WhiteElo "2135"]
[BlackElo "2205"]
[PlyCount "44"]
[EventDate "2001.??.??"]
[EventType "tourn"]
[EventRounds "13"]
[EventCountry "YUG"]
[SourceTitle "EXT 2003"]
[Source "ChessBase"]
[SourceDate "2002.11.25"]
[SourceVersion "1"]
[SourceVersionDate "2002.11.25"]
[SourceQuality "1"]

1. d4 Nf6 2. c4 c5 3. e3 g6 4. Nc3 Bg7 5. Nf3 0-0 6. Be2 d5 7. 0-0 Nc6 8. dxc5 dxc4 9. Qxd8 Rxd8 10. Bxc4 Nd7 11. Ne4 Nde5 12. Nxe5 Nxe5 13. Bb3 Bf5 14. Nc3 Bd3 15. Rd1 Bc4 16. Rxd8+ Rxd8 17. Bc2 Nd3 18. h3 Nxc5 19. f3 b5 20. Kf2 b4 21. Nd1 b3 22. axb3 Bxb3 0-1